[Event "NAYCC U14"]
[Site "Toronto CAN"]
[Date "2013.08.17"]
[Round "7"]
[White "Katznelson, Roy"]
[Black "Chen, George"]
[Result "1-0"]
[WhiteElo "998"]
[BlackElo "1158"]
[PlyCount "89"]
[GameId "2160767909284139"]
[EventDate "2013.08.14"]
[EventType "swiss"]
[EventRounds "9"]
[EventCountry "CAN"]
[SourceTitle "hb 2013"]

1. d4 d5 2. c4 e6 3. Nf3 Nf6 4. Bf4 Bb4+ 5. Nc3 Ne4 6. Bd2 Nxd2 7. Qxd2 O-O 8. e3 Nd7 9. Bd3 dxc4 10. Bxc4 b6 11. O-O Bb7 12. a3 Bd6 13. d5 Ne5 14. Nxe5 Bxe5 15. e4 Qh4 16. g3 Bxc3 17. Qxc3 Qxe4 18. f3 Qf5 19. dxe6 fxe6 20. Rae1 Bd5 21. Bxd5 exd5 22. Qxc7 Rfc8 23. Qb7 Rcb8 24. Qc6 d4 25. g4 Rc8 26. Re8+ Kf7 27. Qb7+ Kxe8 28. gxf5 d3 29. Re1+ Kf8 30. f6 gxf6 31. Qe7+ Kg8 32. Rd1 Re8 33. Qxf6 Rad8 34. Kf2 Re2+ 35. Kg3 Rf8 36. Qg5+ Kh8 37. Rxd3 Rg8 38. Rd8 Ree8 39. Rxe8 Rxe8 40. Qf6+ Kg8 41. Kg4 Re2 42. h4 Rg2+ 43. Kh5 Rg6 44. Qxg6+ hxg6+ 45. Kxg6 1-0

[Event "NAYCC U14"]
[Site "Toronto CAN"]
[Date "2013.08.17"]
[Round "7"]
[White "Kong, Aaron"]
[Black "Forsyth, Dane"]
[Result "1/2-1/2"]
[WhiteElo "1154"]
[BlackElo "1180"]
[PlyCount "84"]
[GameId "2160767909284140"]
[EventDate "2013.08.14"]
[EventType "swiss"]
[EventRounds "9"]
[EventCountry "CAN"]
[SourceTitle "hb 2013"]

1. e4 c5 2. Nf3 d6 3. d4 cxd4 4. Nxd4 e5 5. Nb5 Nf6 6. N1c3 a6 7. Na3 b5 8. b4 Bb7 9. Bg5 Be7 10. Bd3 Qc7 11. Nab1 Nc6 12. Bxf6 Bxf6 13. Nd5 Qd8 14. O-O Nd4 15. c3 Ne6 16. c4 Bxd5 17. cxd5 Nf4 18. Be2 O-O 19. Nd2 Qb6 20. Nb3 Rfc8 21. Na5 Rc3 22. Nc6 Ng6 23. Qd2 Rxc6 24. dxc6 Qxc6 25. Qd5 Qxd5 26. exd5 Nf4 27. Rfe1 h6 28. Rac1 Bg5 29. Rb1 Rc8 30. Bf3 Rc4 31. Red1 Rc2 32. a3 f5 33. Kf1 e4 34. g3 exf3 35. gxf4 Bxf4 36. h3 Rc3 37. Ra1 g5 38. Re1 Kf7 39. Re6 h5 40. Rae1 Rc7 41. Rh6 Kg7 42. Rxh5 Rf7 1/2-1/2

[Event "NAYCC U14"]
[Site "Toronto CAN"]
[Date "2013.08.17"]
[Round "7"]
[White "Luo, Alan"]
[Black "Yaskolko, Alexander"]
[Result "1/2-1/2"]
[WhiteElo "1429"]
[BlackElo "1726"]
[PlyCount "128"]
[GameId "2160767909284142"]
[EventDate "2013.08.14"]
[EventType "swiss"]
[EventRounds "9"]
[EventCountry "CAN"]
[SourceTitle "hb 2013"]

1. e4 c5 2. Be2 Nc6 3. Nf3 d6 4. c3 Nf6 5. Qc2 g6 6. d4 cxd4 7. cxd4 Bg7 8. O-O O-O 9. h3 Bd7 10. Be3 Rc8 11. Nc3 d5 12. exd5 Bf5 13. Qb3 Na5 14. Qb4 Nxd5 15. Nxd5 Qxd5 16. Qxe7 Rc2 17. Bc1 Nc6 18. Qe3 Nxd4 19. Nxd4 Bxd4 20. Qe7 Bxb2 21. Bh6 Rfc8 22. Rad1 Qa5 23. Bb5 Qc7 24. Qe3 Qc5 25. Qg5 f6 26. Qe3 Qxe3 27. Bxe3 a6 28. Ba4 R2c7 29. Bb6 Rc1 30. Bb3+ Kf8 31. Rxc1 Rxc1 32. Rxc1 Bxc1 33. Bd5 Bc8 34. h4 Bb2 35. f4 Ke7 36. Bg8 h6 37. Bd5 Ba3 38. Kf2 Kd6 39. Bf7 Bf5 40. Kf3 h5 41. Bd4 Ke7 42. Bd5 b5 43. Bb7 a5 44. Ke2 b4 45. Bb6 a4 46. Bc5+ Kd8 47. Bd5 Kd7 48. Bc4 Be4 49. g3 Bc6 50. Kd3 Kc7 51. Bf7 Bb5+ 52. Kd2 Bd7 53. Bxg6 Bg4 54. Bf7 Kc6 55. Be7 f5 56. Be8+ Kd5 57. Bxa4 Kc4 58. Bb3+ Kd4 59. Ke1 Kd3 60. Bc5 Ke4 61. Bf2 Kd3 62. Bc5 Ke4 63. Kf2 Kd3 64. Ke1 Kc3 1/2-1/2

[Event "NAYCC U14"]
[Site "Toronto CAN"]
[Date "2013.08.17"]
[Round "7"]
[White "Michelashvili, Alexandre"]
[Black "Roque Sola, Jose Luis"]
[Result "0-1"]
[WhiteElo "1759"]
[BlackElo "1747"]
[PlyCount "110"]
[GameId "2160767909284143"]
[EventDate "2013.08.14"]
[EventType "swiss"]
[EventRounds "9"]
[EventCountry "CAN"]
[SourceTitle "hb 2013"]

1. e4 e6 2. d4 d5 3. Nc3 Nf6 4. e5 Nfd7 5. f4 c5 6. Nf3 Nc6 7. Be3 f6 8. exf6 Nxf6 9. Be2 cxd4 10. Nxd4 Bd6 11. O-O O-O 12. Qd2 e5 13. fxe5 Bxe5 14. Nf3 Bxc3 15. Qxc3 Bg4 16. Qb3 Na5 17. Qd3 Kh8 18. Ng5 Bxe2 19. Qxe2 Qe7 20. Qd3 Nc4 21. Bd4 Ne4 22. Nxe4 Qxe4 23. Qxe4 dxe4 24. Rae1 Rxf1+ 25. Rxf1 Kg8 26. Rf4 Re8 27. b3 Na3 28. Rf2 e3 29. Re2 Nxc2 30. Bxa7 Nb4 31. a4 Nd5 32. Bd4 Re4 33. Bc5 b6 34. Bd6 Kf7 35. Kf1 Ke6 36. Bg3 Rb4 37. Rb2 Nc3 38. Be1 Rf4+ 39. Kg1 e2 40. Bf2 Rxf2 41. Kxf2 Nd1+ 42. Kxe2 Nxb2 43. Kd2 Kd5 44. Kc2 Nc4 45. Kc3 Ne3 46. g3 Nf1 47. Kb4 Kc6 48. Kc4 Nxh2 49. b4 Nf1 50. b5+ Kb7 51. Kd3 Nxg3 52. Ke3 h5 53. Kf3 h4 54. Kg4 g5 55. Kh3 Ne4 0-1

[Event "NAYCC U14"]
[Site "Toronto CAN"]
[Date "2013.08.17"]
[Round "7"]
[White "Nitu, Vladimir"]
[Black "Huang, Patrick"]
[Result "1/2-1/2"]
[WhiteElo "1446"]
[BlackElo "1632"]
[PlyCount "89"]
[GameId "2160767909284144"]
[EventDate "2013.08.14"]
[EventType "swiss"]
[EventRounds "9"]
[EventCountry "CAN"]
[SourceTitle "hb 2013"]

1. d4 Nf6 2. c4 c5 3. d5 b5 4. cxb5 a6 5. bxa6 g6 6. Nc3 Bxa6 7. e4 Bxf1 8. Kxf1 d6 9. Nge2 Bg7 10. Qc2 O-O 11. b3 Na6 12. Bb2 Qb6 13. g3 Rfb8 14. Na4 Qb7 15. f3 Nb4 16. Qd2 Qa6 17. Rd1 Nd7 18. Bxg7 Kxg7 19. a3 c4 20. axb4 cxb3 21. Nb2 Rc8 22. Qe3 Rc2 23. Rb1 Kg8 24. Nd1 Qc4 25. h4 Raa2 26. Rh2 b2 27. Rxb2 Rcxb2 28. Nxb2 Rxb2 29. Rf2 Qxb4 30. Qc3 Rb1+ 31. Kg2 Qb7 32. Nd4 Nc5 33. Rc2 Qa6 34. Qc4 Qa1 35. Ne2 Qa5 36. Qc3 Qa7 37. Nd4 h5 38. Nc6 Qb6 39. Nd4 Nb3 40. Ne2 Nc5 41. Nd4 Qa6 42. Qc4 Qa7 43. Ne2 Nb3 44. Qc8+ Kh7 45. Qc3 1/2-1/2

[Event "NAYCC U14"]
[Site "Toronto CAN"]
[Date "2013.08.17"]
[Round "7"]
[White "Pillai, Kadhir A"]
[Black "Bian, Alex"]
[Result "1/2-1/2"]
[WhiteElo "2134"]
[BlackElo "2059"]
[PlyCount "54"]
[GameId "2160767909284145"]
[EventDate "2013.08.14"]
[EventType "swiss"]
[EventRounds "9"]
[EventCountry "CAN"]
[SourceTitle "EXT 2022"]
[Source "ChessBase"]
[SourceDate "2021.10.06"]
[SourceVersion "1"]
[SourceVersionDate "2021.10.06"]
[SourceQuality "1"]

1. e4 c5 2. Nf3 g6 3. d4 cxd4 4. Qxd4 Nf6 5. Nc3 Nc6 6. Qa4 d6 7. e5 dxe5 8. Nxe5 Bd7 9. Nxd7 Qxd7 10. Bb5 Rc8 11. O-O a6 12. Bd3 Ne5 13. Qxd7+ Nfxd7 14. Be4 Nc5 15. Bf4 Bg7 16. Bd5 e6 17. Rfe1 Nc6 18. Bd6 Nb4 19. Bxb7 Nxb7 20. Bxb4 Rc4 21. Ba3 Bxc3 22. bxc3 Ra4 23. Reb1 Rxa3 24. Rxb7 O-O 25. Rb3 Ra4 26. a3 Rd8 27. Kf1 Rd2 1/2-1/2

[Event "NAYCC U14"]
[Site "Toronto CAN"]
[Date "2013.08.17"]
[Round "7"]
[White "Saha, Ananda"]
[Black "Lei, Sean"]
[Result "0-1"]
[WhiteElo "1806"]
[BlackElo "1310"]
[PlyCount "50"]
[GameId "2160767909284146"]
[EventDate "2013.08.14"]
[EventType "swiss"]
[EventRounds "9"]
[EventCountry "CAN"]
[SourceTitle "hb 2013"]

1. d4 Nf6 2. c4 c5 3. d5 b5 4. cxb5 a6 5. bxa6 Bxa6 6. Nc3 g6 7. Nf3 d6 8. g3 Bg7 9. Bg2 Nbd7 10. O-O O-O 11. Re1 Ng4 12. h3 Nge5 13. Nxe5 Nxe5 14. f4 Nc4 15. e4 Qa5 16. Qc2 Rfb8 17. Bf1 Bd4+ 18. Kh1 Nxb2 19. Bxb2 Rxb2 20. Qxb2 Bxc3 21. Qf2 Bxe1 22. Rxe1 Bxf1 23. Qxf1 Qxa2 24. f5 Qc2 25. Qf4 Ra2 0-1

[Event "NAYCC U14"]
[Site "Toronto CAN"]
[Date "2013.08.17"]
[Round "7"]
[White "Sirkovich, Daniel"]
[Black "Aghamalian, Derick"]
[Result "1-0"]
[WhiteElo "1768"]
[BlackElo "1722"]
[PlyCount "43"]
[GameId "2160767909284147"]
[EventDate "2013.08.14"]
[EventType "swiss"]
[EventRounds "9"]
[EventCountry "CAN"]
[SourceTitle "hb 2013"]

1. e4 c5 2. Nf3 d6 3. d4 cxd4 4. Nxd4 Nf6 5. Nc3 g6 6. Be3 Bg7 7. f3 Nc6 8. Qd2 Bd7 9. O-O-O a6 10. g4 h5 11. g5 Nh7 12. f4 Qc7 13. Nd5 Qd8 14. f5 Nxd4 15. Bxd4 Be5 16. Bb6 Qc8 17. Nc7+ Kf8 18. Nxa8 Qxa8 19. fxg6 fxg6 20. Bc4 Qe8 21. Rhf1+ Nf6 22. gxf6 1-0

[Event "NAYCC U14"]
[Site "Toronto CAN"]
[Date "2013.08.17"]
[Round "7"]
[White "Song, Eric"]
[Black "Guo, Richard"]
[Result "1-0"]
[WhiteElo "1759"]
[BlackElo "1766"]
[PlyCount "61"]
[GameId "2160767909284148"]
[EventDate "2013.08.14"]
[EventType "swiss"]
[EventRounds "9"]
[EventCountry "CAN"]
[SourceTitle "hb 2013"]

1. e4 d6 2. d4 Nf6 3. Nc3 g6 4. Nf3 Bg7 5. h3 c6 6. a4 a5 7. Bd3 Na6 8. O-O O-O 9. Re1 Nc7 10. Bg5 Ne6 11. Be3 Bd7 12. Qd2 Qc8 13. e5 dxe5 14. dxe5 Nd5 15. Nxd5 cxd5 16. Be2 Nc7 17. Bh6 Bf5 18. Nd4 Bd7 19. c3 Rd8 20. Bxg7 Kxg7 21. f4 Ne6 22. f5 Nxd4 23. f6+ exf6 24. exf6+ Kxf6 25. Qxd4+ Ke7 26. Bg4+ Be6 27. Bxe6 fxe6 28. Qg7+ Kd6 29. b4 axb4 30. cxb4 Qc7 31. Qe5+ 1-0

[Event "NAYCC U14"]
[Site "Toronto CAN"]
[Date "2013.08.17"]
[Round "7"]
[White "Tao, Jeffrey"]
[Black "Handigol, Abhishek"]
[Result "0-1"]
[WhiteElo "1958"]
[BlackElo "2023"]
[PlyCount "74"]
[GameId "2160767909284149"]
[EventDate "2013.08.14"]
[EventType "swiss"]
[EventRounds "9"]
[EventCountry "CAN"]
[SourceTitle "hb 2013"]

1. e4 e5 2. Nf3 d5 3. exd5 Bd6 4. d4 e4 5. Ne5 Nf6 6. Bb5+ c6 7. dxc6 bxc6 8. Nxc6 Qb6 9. Ba4 Nxc6 10. d5 O-O 11. Bxc6 Rb8 12. O-O Bg4 13. Qd2 Rfd8 14. c4 Qc7 15. h3 Bf5 16. Nc3 a6 17. Qe2 Qe7 18. Re1 h6 19. Na4 Bc7 20. f4 g5 21. Rf1 g4 22. c5 Nxd5 23. hxg4 Bc8 24. Bxd5 Rxd5 25. Qc4 Rd8 26. Re1 Re8 27. b3 Bxg4 28. Qxa6 Qh4 29. Be3 Kh7 30. Qc4 Re6 31. Bf2 Qf6 32. g3 Rg8 33. Qd4 Qf5 34. Re3 Bf3 35. Kf1 Rd8 36. Qxd8 Bxd8 37. Ke1 Ba5+ 0-1

[Event "NAYCC U14"]
[Site "Toronto CAN"]
[Date "2013.08.17"]
[Round "7"]
[White "Wang, Eric1"]
[Black "Yu, Wenlu"]
[Result "1-0"]
[WhiteElo "1870"]
[BlackElo "2002"]
[PlyCount "95"]
[GameId "2160767909284150"]
[EventDate "2013.08.14"]
[EventType "swiss"]
[EventRounds "9"]
[EventCountry "CAN"]
[SourceTitle "EXT 2022"]
[Source "ChessBase"]
[SourceDate "2021.10.06"]
[SourceVersion "1"]
[SourceVersionDate "2021.10.06"]
[SourceQuality "1"]

1. d4 Nf6 2. c4 g6 3. Nf3 Bg7 4. g3 d5 5. cxd5 Nxd5 6. Bg2 O-O 7. O-O Nb6 8. Nc3 c6 9. e3 Na6 10. Qe2 Be6 11. Nd2 Rc8 12. Rd1 Qc7 13. a3 Qb8 14. Rb1 Nc7 15. b4 Nbd5 16. Bb2 Rfd8 17. Rbc1 Nxc3 18. Bxc3 Bd5 19. Bb2 Bxg2 20. Kxg2 e6 21. Nc4 Ne8 22. Qf3 Nd6 23. Ne5 f6 24. Nd3 f5 25. Nc5 Re8 26. h4 Qc7 27. a4 Qf7 28. Qe2 a6 29. Qf3 Rc7 30. Rd2 h6 31. Rcd1 Rce7 32. Rc2 Rc7 33. Ba1 Bf8 34. Qf4 Rcc8 35. Qe5 Rcd8 36. d5 Qh7 37. dxe6 Nc8 38. Rcd2 Rxd2 39. Rxd2 Nb6 40. Nd7 Nxd7 41. Rxd7 Re7 42. Qc7 b5 43. Bf6 bxa4 44. Bxe7 a3 45. Bxf8 a2 46. Rg7+ Kh8 47. Rxh7+ Kg8 48. Qg7# 1-0

[Event "NAYCC U14"]
[Site "Toronto CAN"]
[Date "2013.08.17"]
[Round "7"]
[White "Zhang, Jeff"]
[Black "Yanchev, Venelin"]
[Result "1-0"]
[WhiteElo "1493"]
[BlackElo "550"]
[PlyCount "74"]
[GameId "2160767909284151"]
[EventDate "2013.08.14"]
[EventType "swiss"]
[EventRounds "9"]
[EventCountry "CAN"]
[SourceTitle "hb 2013"]

1. e4 e6 2. d4 d5 3. Nd2 c5 4. c3 c4 5. Ne2 Nf6 6. e5 Nfd7 7. f4 g6 8. Nf3 f5 9. Kf2 Bh6 10. g3 O-O 11. Bh3 Nb6 12. Rg1 Bd7 13. Be3 Na4 14. Qc2 Bg7 15. Ng5 Nb6 16. g4 Qe7 17. gxf5 exf5 18. Bg2 h6 19. Nf3 Ba4 20. Qd2 Qe8 21. h4 h5 22. Ng5 Bh6 23. Bf3 Na6 24. Nh3 Qe7 25. Ng5 Rae8 26. Bg2 Nc8 27. Bxd5+ Kh8 28. Bxc4 Qd7 29. b3 Bc6 30. d5 Bb5 31. e6 Qg7 32. Bxb5 Rd8 33. Bxa6 bxa6 34. Bd4 Rf6 35. Bxf6 Qxf6 36. Qd4 Bg7 37. Qxf6 Bxf6 1-0

[Event "NAYCC U14"]
[Site "Toronto CAN"]
[Date "2013.08.17"]
[Round "7"]
[White "Zhong, Joey"]
[Black "Tanenbaum, Zachary Chen"]
[Result "1/2-1/2"]
[WhiteElo "1901"]
[BlackElo "2143"]
[PlyCount "70"]
[GameId "2160767909284152"]
[EventDate "2013.08.14"]
[EventType "swiss"]
[EventRounds "9"]
[EventCountry "CAN"]
[SourceTitle "EXT 2022"]
[Source "ChessBase"]
[SourceDate "2021.10.06"]
[SourceVersion "1"]
[SourceVersionDate "2021.10.06"]
[SourceQuality "1"]

1. e4 e5 2. Nf3 Nc6 3. Bb5 a6 4. Ba4 d6 5. c3 Nf6 6. d4 b5 7. Bb3 Be7 8. O-O O-O 9. h3 Bb7 10. Re1 Nb8 11. Nbd2 Nbd7 12. Bc2 Re8 13. Nf1 h6 14. Ng3 Bf8 15. a4 g6 16. Qd3 exd4 17. cxd4 b4 18. Bf4 d5 19. e5 Ne4 20. Qf1 Nxg3 21. fxg3 c5 22. Kh2 c4 23. e6 Rxe6 24. Rxe6 fxe6 25. Bxg6 Qf6 26. Bh5 Bg7 27. Qe2 Qe7 28. Nh4 Qf6 29. Rf1 Rf8 30. Rf3 c3 31. bxc3 bxc3 32. Rxc3 e5 33. dxe5 Nxe5 34. Rc7 Bc8 35. Qc2 Bf5 1/2-1/2

[Event "NAYCC U14"]
[Site "Toronto CAN"]
[Date "2013.08.18"]
[Round "8"]
[White "Aghamalian, Derick"]
[Black "Baskaran, Karthik"]
[Result "1-0"]
[WhiteElo "1722"]
[BlackElo "1382"]
[PlyCount "111"]
[GameId "2160767909284153"]
[EventDate "2013.08.14"]
[EventType "swiss"]
[EventRounds "9"]
[EventCountry "CAN"]
[SourceTitle "EXT 2022"]
[Source "ChessBase"]
[SourceDate "2021.10.06"]
[SourceVersion "1"]
[SourceVersionDate "2021.10.06"]
[SourceQuality "1"]

1. e4 e5 2. Nf3 Nc6 3. Bc4 Bc5 4. c3 Nf6 5. d4 exd4 6. cxd4 Bb4+ 7. Bd2 Bxd2+ 8. Nbxd2 d5 9. exd5 Nxd5 10. O-O O-O 11. Re1 Nb6 12. Qb3 Nxd4 13. Nxd4 Qxd4 14. Bxf7+ Kh8 15. Nf3 Qf6 16. Be6 c5 17. Bxc8 Raxc8 18. Re6 Qf4 19. Rae1 Qc4 20. Rxb6 Qxb3 21. Rxb3 b6 22. Rd3 Rcd8 23. Red1 Rxd3 24. Rxd3 g6 25. Rd7 Kg8 26. Kf1 a5 27. Ng5 h6 28. Ne6 c4 29. Rd8 Rxd8 30. Nxd8 Kf8 31. Nc6 g5 32. Ne5 b5 33. Ke2 Kg7 34. Nc6 a4 35. Nd4 b4 36. a3 b3 37. Kd2 Kf6 38. Kc3 Ke5 39. Kxc4 Kf4 40. Ne2+ Ke4 41. Nc3+ Kf4 42. Nxa4 h5 43. Nc5 h4 44. a4 h3 45. gxh3 Kf3 46. Ne6 Kxf2 47. Nxg5 Kg2 48. a5 Kxh2 49. a6 Kg3 50. a7 Kh4 51. Ne6 Kxh3 52. a8=R Kg4 53. Rf8 Kg3 54. Kxb3 Kg4 55. Kc4 Kg3 56. b4 1-0

[Event "NAYCC U14"]
[Site "Toronto CAN"]
[Date "2013.08.18"]
[Round "8"]
[White "Balachandran, Shesan"]
[Black "Saha, Ananda"]
[Result "0-1"]
[WhiteElo "1227"]
[BlackElo "1806"]
[PlyCount "34"]
[GameId "2160767909284154"]
[EventDate "2013.08.14"]
[EventType "swiss"]
[EventRounds "9"]
[EventCountry "CAN"]
[SourceTitle "EXT 2022"]
[Source "ChessBase"]
[SourceDate "2021.10.06"]
[SourceVersion "1"]
[SourceVersionDate "2021.10.06"]
[SourceQuality "1"]

1. c4 e5 2. Nc3 Nf6 3. g3 Nc6 4. e3 d6 5. Bg2 Be7 6. Nge2 O-O 7. O-O Bf5 8. a3 Qd7 9. Re1 e4 10. Qc2 Ne5 11. Nxe4 Nxe4 12. Bxe4 Nf3+ 13. Kh1 Bxe4 14. Qxe4 Nxe1 15. Nd4 Bf6 16. Qxb7 Bxd4 17. exd4 Qh3 0-1

[Event "NAYCC U14"]
[Site "Toronto CAN"]
[Date "2013.08.18"]
[Round "8"]
[White "Chen, George"]
[Black "Hua, Justin"]
[Result "0-1"]
[WhiteElo "1158"]
[BlackElo "1210"]
[PlyCount "38"]
[GameId "2160767909284155"]
[EventDate "2013.08.14"]
[EventType "swiss"]
[EventRounds "9"]
[EventCountry "CAN"]
[SourceTitle "EXT 2022"]
[Source "ChessBase"]
[SourceDate "2021.10.06"]
[SourceVersion "1"]
[SourceVersionDate "2021.10.06"]
[SourceQuality "1"]

1. e4 e5 2. Nf3 Nc6 3. Bc4 Nf6 4. d3 Be7 5. O-O O-O 6. Bg5 d6 7. h3 Be6 8. Bb3 d5 9. exd5 Nxd5 10. Bxe7 Qxe7 11. Re1 f6 12. d4 Bf7 13. dxe5 Rad8 14. exf6 Qxf6 15. Qc1 Nf4 16. Nc3 Bxb3 17. axb3 Nxg2 18. Qg5 Nxe1 19. Qxf6 Nxf3+ 0-1

[Event "NAYCC U14"]
[Site "Toronto CAN"]
[Date "2013.08.18"]
[Round "8"]
[White "D'Alonzo, Joseph"]
[Black "Kong, Aaron"]
[Result "1/2-1/2"]
[WhiteElo "1228"]
[BlackElo "1154"]
[PlyCount "44"]
[GameId "2160767909284156"]
[EventDate "2013.08.14"]
[EventType "swiss"]
[EventRounds "9"]
[EventCountry "CAN"]
[SourceTitle "EXT 2022"]
[Source "ChessBase"]
[SourceDate "2021.10.06"]
[SourceVersion "1"]
[SourceVersionDate "2021.10.06"]
[SourceQuality "1"]

1. e4 c6 2. d4 d5 3. exd5 cxd5 4. Nf3 Nc6 5. Bd3 Bg4 6. c3 Nf6 7. O-O e6 8. Bf4 Bd6 9. Bxd6 Qxd6 10. Nbd2 O-O 11. Qc2 Bh5 12. Rfe1 Bg6 13. Bxg6 fxg6 14. Ne5 Nd7 15. Ndf3 Rf6 16. Re2 Qc7 17. Rae1 Rc8 18. Nxc6 Qxc6 19. Ne5 Qc7 20. Qd2 Nxe5 21. Rxe5 Qf7 22. f3 Re8 1/2-1/2

[Event "NAYCC U14"]
[Site "Toronto CAN"]
[Date "2013.08.18"]
[Round "8"]
[White "D'Amore, Tyler"]
[Black "Michelashvili, Alexandre"]
[Result "0-1"]
[WhiteElo "1036"]
[BlackElo "1759"]
[PlyCount "37"]
[GameId "2160767739919900"]
[EventDate "2013.08.14"]
[EventType "swiss"]
[EventRounds "9"]
[EventCountry "CAN"]
[SourceTitle "EXT 2022"]
[Source "ChessBase"]
[SourceDate "2021.10.06"]
[SourceVersion "1"]
[SourceVersionDate "2021.10.06"]
[SourceQuality "1"]

1. e4 e5 2. Nf3 Nc6 3. Bc4 Bc5 4. c3 Nf6 5. d4 exd4 6. cxd4 Bb4+ 7. Bd2 Nxe4 8. Bxb4 Nxb4 9. Bxf7+ Kxf7 10. Qb3+ d5 11. Qxb4 Rf8 12. O-O Kg8 13. Re1 Rxf3 14. Rxe4 dxe4 15. Nd2 Rf4 16. Qb3+ Kh8 17. Qe3 Qf8 18. Nxe4 Bd7 19. Nc5 {...} 0-1

[Event "NAYCC U14"]
[Site "Toronto CAN"]
[Date "2013.08.18"]
[Round "8"]
[White "Dommalapati, Abhinay"]
[Black "Pillai, Kadhir A"]
[Result "0-1"]
[WhiteElo "1945"]
[BlackElo "2134"]
[PlyCount "68"]
[GameId "2160767909284157"]
[EventDate "2013.08.14"]
[EventType "swiss"]
[EventRounds "9"]
[EventCountry "CAN"]
[SourceTitle "EXT 2022"]
[Source "ChessBase"]
[SourceDate "2021.10.06"]
[SourceVersion "1"]
[SourceVersionDate "2021.10.06"]
[SourceQuality "1"]

1. d4 Nf6 2. c4 e6 3. Nf3 d5 4. Nc3 Bb4 5. Bg5 Nbd7 6. e3 c5 7. Bxf6 Nxf6 8. Bd3 Ne4 9. Qc2 f5 10. O-O O-O 11. a3 Bxc3 12. bxc3 Qa5 13. cxd5 exd5 14. c4 Be6 15. Rfc1 Rac8 16. Qb3 dxc4 17. Bxc4 Bxc4 18. Rxc4 Kh8 19. Ra4 Qb6 20. Qxb6 axb6 21. Ne5 Ra8 22. Rc4 b5 23. Rcc1 c4 24. a4 Rxa4 25. Rxa4 bxa4 26. Nxc4 b5 27. f3 Rc8 28. fxe4 Rxc4 29. Rb1 b4 30. e5 a3 31. e6 a2 32. Rd1 b3 33. e7 Rc8 34. d5 b2 0-1

[Event "NAYCC U14"]
[Site "Toronto CAN"]
[Date "2013.08.18"]
[Round "8"]
[White "Forsyth, Dane"]
[Black "Guo, Richard"]
[Result "0-1"]
[WhiteElo "1180"]
[BlackElo "1766"]
[PlyCount "88"]
[GameId "2160767909284158"]
[EventDate "2013.08.14"]
[EventType "swiss"]
[EventRounds "9"]
[EventCountry "CAN"]

1. d4 d6 2. c4 Nf6 3. Nc3 g6 4. e3 Bg7 5. h3 h5 6. Nf3 Nbd7 7. Be2 c5 8. d5 Nb6 9. Bd2 Bf5 10. Nh4 Bd7 11. f4 e6 12. dxe6 Bxe6 13. O-O Nxc4 14. Bxc4 Bxc4 15. Qa4+ Nd7 16. Qxc4 Qxh4 17. Qe4+ Qe7 18. Qxb7 O-O 19. Qf3 Rab8 20. Rab1 Nb6 21. b3 d5 22. Rfe1 Qc7 23. e4 d4 24. Ne2 c4 25. Bb4 d3 26. e5 dxe2 27. Bd6 Qd7 28. Bxb8 Rxb8 29. bxc4 Rc8 30. Qxe2 Nxc4 31. Red1 Qf5 32. Rf1 Bf8 33. Kh1 Na3 34. Rb2 Rc4 35. Rb8 Kg7 36. Qd2 Be7 37. Rb7 Rc2 38. Qa5 Qe4 39. Rg1 Qxb7 40. Qe1 Bc5 41. e6 Bxg1 42. Qe5+ f6 43. Qxf6+ Kxf6 44. e7 Qxg2# 0-1

[Event "NAYCC U14"]
[Site "Toronto CAN"]
[Date "2013.08.18"]
[Round "8"]
[White "Handigol, Abhishek"]
[Black "Bellissimo, Joseph"]
[Result "0-1"]
[WhiteElo "2023"]
[BlackElo "1999"]
[PlyCount "112"]
[GameId "2160767909284160"]
[EventDate "2013.08.14"]
[EventType "swiss"]
[EventRounds "9"]
[EventCountry "CAN"]
[SourceTitle "EXT 2022"]
[Source "ChessBase"]
[SourceDate "2021.10.06"]
[SourceVersion "1"]
[SourceVersionDate "2021.10.06"]
[SourceQuality "1"]

1. e4 e6 2. d4 d5 3. Be3 dxe4 4. Nd2 Nf6 5. f3 Nd5 6. Qe2 Nc6 7. c3 exf3 8. Ngxf3 Be7 9. Qf2 O-O 10. Bd3 e5 11. O-O Nxe3 12. Qxe3 exd4 13. cxd4 Bf6 14. Nb3 Re8 15. Qf2 Be6 16. Rad1 g6 17. Bb1 Bc4 18. Bd3 Bxb3 19. axb3 Bxd4 20. Nxd4 Qxd4 21. Qxd4 Nxd4 22. Bc4 Ne2+ 23. Kh1 Re7 24. Rf2 Rae8 25. Rdf1 Kh8 26. Rxf7 Nd4 27. h3 Nf5 28. Rxe7 Rxe7 29. Rd1 Kg7 30. Rd8 Nd6 31. Bd5 Kf6 32. Kh2 Ke5 33. Bc4 Kd4 34. Kg3 Kc5 35. Bg8 h6 36. Rf8 Nf5+ 37. Kf4 Re2 38. g4 Nh4 39. Kg3 g5 40. Rf2 Rxf2 41. Kxf2 Ng6 42. Kf3 Kd4 43. Bh7 Nf4 44. h4 Nd3 45. hxg5 hxg5 46. Bg8 Nxb2 47. Bf7 Nd3 48. Bg8 Nf4 49. Bf7 a5 50. Bg8 b5 51. Bf7 a4 52. bxa4 bxa4 53. Ba2 Nd5 54. Bb1 a3 55. Ba2 Nc3 56. Bb3 a2 0-1

[Event "NAYCC U14"]
[Site "Toronto CAN"]
[Date "2013.08.18"]
[Round "8"]
[White "Huang, Patrick"]
[Black "Cheung, Lukas"]
[Result "0-1"]
[WhiteElo "1632"]
[BlackElo "1604"]
[PlyCount "42"]
[GameId "2160767909284161"]
[EventDate "2013.08.14"]
[EventType "swiss"]
[EventRounds "9"]
[EventCountry "CAN"]
[SourceTitle "EXT 2022"]
[Source "ChessBase"]
[SourceDate "2021.10.06"]
[SourceVersion "1"]
[SourceVersionDate "2021.10.06"]
[SourceQuality "1"]

1. d4 Nf6 2. c4 e6 3. Nc3 Bb4 4. Qc2 b6 5. a3 Bxc3+ 6. Qxc3 Bb7 7. Qg3 O-O 8. e3 d5 9. Nf3 Nbd7 10. Bd3 dxc4 11. Bxc4 Ne4 12. Qh3 c5 13. O-O Ndf6 14. b4 cxd4 15. exd4 Rc8 16. Bd3 Rc3 17. Rd1 Qc7 18. Bb2 Rxd3 19. Rxd3 Qc2 20. Ne1 Qxf2+ 21. Kh1 Qf1# 0-1

[Event "NAYCC U14"]
[Site "Toronto CAN"]
[Date "2013.08.18"]
[Round "8"]
[White "Karp, Eli"]
[Black "Luo, Alan"]
[Result "1/2-1/2"]
[WhiteElo "1843"]
[BlackElo "1479"]
[PlyCount "100"]
[GameId "2160767909284162"]
[EventDate "2013.08.14"]
[EventType "swiss"]
[EventRounds "9"]
[EventCountry "CAN"]
[SourceTitle "EXT 2022"]
[Source "ChessBase"]
[SourceDate "2021.10.06"]
[SourceVersion "1"]
[SourceVersionDate "2021.10.06"]
[SourceQuality "1"]

1. d4 d5 2. Nf3 e6 3. Bf4 Nf6 4. Nbd2 c5 5. e3 Nc6 6. c3 Be7 7. h3 c4 8. Ne5 Bd7 9. Ndf3 Ne4 10. Nxd7 Qxd7 11. Ne5 Nxe5 12. Bxe5 f6 13. Bf4 Bd6 14. Bxd6 Nxd6 15. Be2 g6 16. Qc2 Rc8 17. O-O O-O 18. Bf3 f5 19. g3 Nf7 20. Bg2 Ng5 21. f4 Ne4 22. Bxe4 fxe4 23. g4 Rf7 24. Qg2 Rg7 25. Kh1 b5 26. Rf2 a5 27. a3 Qb7 28. Raf1 b4 29. axb4 axb4 30. Qh2 Rf8 31. h4 b3 32. f5 exf5 33. gxf5 gxf5 34. Rxf5 Rxf5 35. Rxf5 Qa8 36. Qf2 Qd8 37. Qf4 Qa8 38. Kh2 Qd8 39. Rg5 Qa8 40. Rxg7+ Kxg7 41. Kg3 Qc6 42. Kg4 Qe6+ 43. Qf5 h5+ 44. Kf4 Qd6+ 45. Qe5+ Qf6+ 46. Qxf6+ Kxf6 47. Kg3 Kf5 48. Kh3 Kf6 49. Kg2 Kg6 50. Kh2 Kf6 1/2-1/2